|
|
|
|
| LEADER |
00000nab a2200000 ar4500 |
| 001 |
vtls008852219 |
| 003 |
SK-MaSNL |
| 005 |
20260303062803.0 |
| 008 |
061004c2004 xo mr|p|||||||000 b|cze |
| 015 |
|
|
|a SNBRB2006/10
|2 snkbucl
|
| 038 |
|
|
|a SNKBUCL
|
| 040 |
|
|
|a SNKBUCL
|b slo
|c SNKBUCL
|e AACR2
|
| 041 |
0 |
|
|a cze
|b eng
|b cze
|
| 044 |
|
|
|a xo
|c SK
|
| 080 |
|
|
|a 635.52
|2 1997
|
| 100 |
1 |
|
|a Petříková, Kristína
|4 aut
|9 7347
|
| 245 |
1 |
0 |
|a Integrované pěstování hlávkového salátu
|c Kristína Petříková, Robert Pokluda
|
| 246 |
3 |
1 |
|a Integrated culture of head lettuce
|
| 300 |
|
|
|b Tab.
|
| 504 |
|
|
|a Bibliogr. odkazy
|
| 546 |
|
|
|a Res. angl., čes.
|
| 650 |
0 |
7 |
|a hlávkový šalát
|2 snkbucl
|9 965
|
| 650 |
0 |
7 |
|a úroda
|2 snkbucl
|9 506412
|
| 650 |
0 |
7 |
|a integrované pestovanie rastlín
|2 snkbucl
|9 1058873
|
| 650 |
0 |
7 |
|a zdravotný stav rastlín
|2 snkbucl
|9 838135
|
| 700 |
1 |
|
|a Pokluda, Robert,
|d 1970-
|4 aut
|9 264704
|
| 773 |
0 |
|
|t Acta horticulturae et regiotecturae
|g Roč. 7, Mimoriadne číslo (2004), s. 44-46
|x 1335-2563
|
| 852 |
|
|
|a SNK
|b KIS3GCP
|
| 958 |
|
|
|a NB
|
| 999 |
|
|
|c 1740559
|d 1742489
|